Länder, die auf der Wikipedia-Seite von Deutschland erwähnt werden - Statistiken

Allgemein
  • Dieses Quiz wurde 164 mal gespielt
  • Das Durchschnittsergebnis liegt bei 18 aus 23
Antwortstatistiken
Häufigkeit Kontext Land % Korrekt
11 Grenzt an ... Frankreich
99%
5 Am 1. September 1939 überfiel Deutschland... Polen
99%
10 Annektiert ... im Jahr 1938 Österreich
98%
6 Zweitbevölkerungsreichstes Land Europas nach ... Russland
97%
3 Grenzt an ... Schweiz
97%
3 Im Frühling 1940 eroberte Deutschland ... Belgien
95%
4 Im Frühling 1940 eroberte Deutschland ... Dänemark
95%
3 Im Frühling 1940 eroberte Deutschland ... Niederlande
95%
1 Die Westsektoren Berlins, die unter der Kontrolle der ... Vereinigtes Königreich
91%
3 Im Frühling 1940 eroberte Deutschland ... Luxemburg
90%
3 Erhöhung der Militärausgaben als Reaktion auf die russische Invasion im Jahr 2022 ... Ukraine
90%
5 Nach ....Deutschland ist das zweitwichtigste Einwanderungsziel der Welt Vereinigte Staaten
90%
3 erlitt militärische Niederlagen nach der Invasion der Alliierten ... 1943 Italien
84%
1 Die meisten sunnitisch-muslimischen Einwanderer kommen in Deutschland aus ... Türkei
84%
2 Grenzt an ... Tschechische Republik
80%
2 1989 flohen Tausende von Ostdeutschen aus Deutschland nach ...... Ungarn
73%
1 Im Frühling 1940 eroberte Deutschland ... Norwegen
68%
1 Die Kolonialregierung von Südwestafrika, heute .... Namibia
61%
1 Das Attentat vom 28. Juni 1914 diente als Vorwand für den Angriff ... Serbien
54%
1 Im Jahr 1941 drangen deutsche Truppen in ... Griechenland
44%
2 Nach 1884 erweiterte es sein Kolonialreich um Besitzungen im Pazifik und in der Nordsee ...... China
43%
2 Entsendung von friedenserhaltenden Truppen ... Afghanistan
42%
1 Entsendung von friedenserhaltenden Truppen ... Kosovo
22%
Keine übereinstimmenden Quizze gefunden
Verteilung der Resultate
Anzahl Personen mit jedem Resultat
Perzentil nach korrekt beantworteten Fragen
Ihre Resultats-Entwicklung
Sie haben dieses Quiz noch nicht gespielt